Міфопоетика "Лісової пісні" Лесі Українки (Запис № 335129)

МАРК-запис
000 -Лідер
fixed length control field 01524nam a22002657a 4500
001 - Контрольний номер
control field 49021
003 - Ідентифікатор контрольного номера
control field UA-OsUOA
005 - Дата та час останнього входження (трансакції)
control field 20260429143002.0
007 - Фіксоване поле фізичного опису
fixed length control field ta
008 - Елементи даних фіксованої довжини – загальна інформація
fixed length control field 20070917b un ||un ao||| 00| 0 ukr dukr d
020 ## - Міжнародний стандартний книжковий номер (ISBN)
Міжнародний стандартний книжковий номер (ISBN) (НП) 9666512718
040 ## - Джерело каталогізації
Агенція оригінальної каталогізації UA-OsUOA
Мова каталогізації ukr
Агенція, яка здійснювала перезапис UA-OsUOA
Агенція, яка здійснювала модифікацію UA-OsUOA
041 ## - Код мови
Код мови тексту/ звукової доріжки чи окремого заголовка (П) ukr
080 ## - Індекс Універсальної десяткової класифікації
Індекс Універсальної десяткової класифікації (УДК) (НП) 82.09
090 ## - Локальний шифр розміщення
Класифікаційний індекс УДК 82.09
Авторський знак (НП) С46
100 ## - Основне введення – ім’я особи
Ім’я особи (НП) Скупейко Л. І.
9 (RLIN) 25132
110 ## - Наймення організації – загальна інформація
Найменування колективу або юрисдикції як початковий елемент введення Національна Академія наук України
Структурний підрозділ Інститут літератури ім. Т. Г. Шевченка
9 (RLIN) 2397
245 ## - Відомості про назву
Назва (НП) Міфопоетика "Лісової пісні" Лесі Українки
Дані про відповідальність (НП) Лукаш Скупейко
260 ## - Публікація, розповсюдження і т.п. (Вихідні дані)
Місце публікації, розповсюдження і т.п. (П) К.
Ім’я/ наймення видавництва, розповсюджувача і т.п. (П) Фенікс
Дата публікації, розповсюдження і т.п. (П) 2006
300 ## - Фізичний опис
Обсяг 416 с.
520 ## - Резюме і т.п.
Резюме, реферат, анотація, тощо (НП) У монографії досліджується питання міфопоетики "Лісової пісні". На основі аналізу художньо-образної системи, композиції, хронотопу, основних мотивів автор пропонує оригінальне тлумачення драми-феєрії Лесі Українки. Залучено значний фольклорно-міфологічний, теоретико-літературний та текстологічний матеріал.<br/>Для науковців та широкого кола читачів.
650 #7 - Додаткове предметне введення – тематичний термін
Тематичний термін чи географічна назва, як елемент введення (НП) 82 Література. Літературознавство
Джерело заголовка чи терміна UDC
9 (RLIN) 15
942 ## - Додаткові елементи входу (Коха)
Тип елемента Koha Книги
Source of classification or shelving scheme Universal Decimal Classification
955 ## - Код типу видання за змістом
Код типу видання за змістом (НП) Наукові видання
Фонди
Стан вилучень Стан втрат Джерело класифікації або схеми стелажів Стан уражень Не для кредиту Код колекції Постійне місце розташування Поточне розміщення Дата придбання Джерело придбання Вартість, звичайна ціна покупки Інвентарний номер Усього замовленно Повний номер виклику Штрих-код Дата останнього перегляду Ціна ефективна від Тип елемента Koha Вартість, ціна заміни Примітка, призначена для загального доступу
    Universal Decimal Classification     Колекція Шевчука Валерія АБ - Абонемент НБ АБ - Абонемент НБ 28/04/2026 Акт №24/28.04.2026 25.00 169883   82.09 С46 169883 29/04/2026 29/04/2026 Книги 25.00 З автографом автора
    Universal Decimal Classification     Колекція Жулинського М.Г. ЧЗ - Читальна зала ЧЗ - Читальна зала 17/09/2007 142/2007 5.00 107570   82.09 С46 107570 06/02/2022 17/09/2007 Книги